003330000a220007300045001000017000002450174000173000052001917730016002431 aBandow, Doug10aThe role of government : Promoting development or getting out of the way. How interventionism impides economic growth and perpetuates poverty in underdeveloped countries aVol. 47, Num 3 (Marzo, 1997), Páginas 135-1400 tThe Freeman